Central Library OPAC University of Rajshahi

Principles of sericulture / (Record no. 14591)

MARC details
000 -LEADER
fixed length control field 00547nam a22002057a 4500
001 - CONTROL NUMBER
control field 14591
003 - CONTROL NUMBER IDENTIFIER
rucl marc code BD-RjUL
005 - DATE AND TIME OF LATEST TRANSACTION
control field 20211208235645.0
008 - FIXED-LENGTH DATA ELEMENTS--GENERAL INFORMATION
fixed length control field 140206r20011997ii ||||| |||| 00| 0 eng d
035 ## - SYSTEM CONTROL NUMBER
System control number (BD-RjUL)14644
040 ## - CATALOGING SOURCE
Original cataloging agency BD-RjUL
Language of cataloging eng
Transcribing agency BD-RjUL
Modifying agency BD-RjUL
041 ## - LANGUAGE CODE
Language code of text/sound track or separate title eng
082 ## - DEWEY DECIMAL CLASSIFICATION NUMBER
Classification number 638.2
Author mark and year ARP 2001
100 ## - MAIN ENTRY--PERSONAL NAME
Personal name Aruga , Hisao
9 (RLIN) 45485
245 ## - TITLE STATEMENT
Title Principles of sericulture /
260 ## - PUBLICATION, DISTRIBUTION, ETC. (IMPRINT)
Place of publication, distribution, etc. Rotterdam :
Name of publisher, distributor, etc. A.A. Balkema,
Date of publication, distribution, etc. 1994.
300 ## - PHYSICAL DESCRIPTION
Pagination xvi, 376 p. :
Illustrations ill. ;
Size 25 cm
650 ## - SUBJECT ADDED ENTRY--TOPICAL TERM
Topical term or geographic name as entry element Sericulture
9 (RLIN) 124466
942 ## - ADDED ENTRY ELEMENTS (KOHA)
Source of classification or shelving scheme Dewey Decimal Classification
Koha item type Books
Holdings
Lost status Source of classification or shelving scheme Damaged status Not for loan Collection code Permanent Location Current Location Shelving location Date acquired Source of acquisition Cost, normal purchase price Total Checkouts Full call number Date last seen Copy number Koha item type Date checked out
  Dewey Decimal Classification     Non-fiction Central Library, University of Rajshahi Central Library, University of Rajshahi   30/10/2002 Paragon Enterprises 376.00   638.2 ARP 2001 06/02/2014 C-6 Books  
  Dewey Decimal Classification     Non-fiction Central Library, University of Rajshahi Central Library, University of Rajshahi   30/10/2002 Dhaka Progan Enterprise 376.00   638.2 ARP 2001 12/11/2016 C-2 Books  
  Dewey Decimal Classification   Not For Loan Non-fiction Central Library, University of Rajshahi Central Library, University of Rajshahi Reading Room 30/10/2002 Paragon Enterprise Lit., Dhaka 680.00   638.2 ARP 2001 22/03/2017 C-1 Books  
  Dewey Decimal Classification     Non-fiction Central Library, University of Rajshahi Central Library, University of Rajshahi   30/10/2002 Paragon Enterprises 376.00   638.2 ARP 2001 06/06/2017 C-10 Books  
  Dewey Decimal Classification     Non-fiction Central Library, University of Rajshahi Central Library, University of Rajshahi   30/10/2002 Paragon Enterprises 376.00   638.2 ARP 2001 06/06/2017 C-9 Books  
  Dewey Decimal Classification     Non-fiction Central Library, University of Rajshahi Central Library, University of Rajshahi   30/10/2002 Paragon Enterprises 376.00   638.2 ARP 2001 06/06/2017 C-8 Books  
  Dewey Decimal Classification     Non-fiction Central Library, University of Rajshahi Central Library, University of Rajshahi   30/10/2002 Paragon Enterprises 376.00   638.2 ARP 2001 06/06/2017 C-7 Books  
  Dewey Decimal Classification     Non-fiction Central Library, University of Rajshahi Central Library, University of Rajshahi   30/10/2002 Paragon Enterprises 376.00   638.2 ARP 2001 06/06/2017 C-5 Books  
  Dewey Decimal Classification     Non-fiction Central Library, University of Rajshahi Central Library, University of Rajshahi   30/10/2002 Paragon Enterprises 376.00   638.2 ARP 2001 06/06/2017 C-4 Books  
  Dewey Decimal Classification     Non-fiction Central Library, University of Rajshahi Central Library, University of Rajshahi   30/10/2002 Paragon Enterprises 376.00 1 638.2 ARP 2001 07/12/2023 C-3 Books 15/11/2023